[Event "Srpska Liga - Sever 2010"]
[Site "?"]
[Date "2010.10.03"]
[Round "4"]
[White "Mladenovic, Sasa D"]
[Black "Stojanovic, Marko"]
[Result "0-1"]
[WhiteElo "2168"]
[BlackElo "2291"]
[PlyCount "49"]
[EventDate "2010.10.26"]
[SourceDate "2010.10.26"]

1. d4 Nf6 2. c4 e6 3. Nc3 Bb4 4. Qc2 c5 5. dxc5 Na6 6. a3 Bxc3+ 7. Qxc3 Nxc5 8.
f3 a5 9. e4 b6 10. e5 Ng8 11. Be3 Qc7 12. Rd1 a4 13. Qd4 Ne7 14. Qd6 Qa7 15.
Ne2 Nf5 16. Qd2 Qc7 17. Bf4 Nb3 18. Qc3 Ba6 19. g4 Nh4 20. Bg3 Nxf3+ 21. Kf2
Bb7 22. Bg2 Ng5 23. Nd4 Nxd4 24. Qxd4 Bxg2 25. Kxg2 0-1

[Event "Srpska Liga - Sever 2010"]
[Site "?"]
[Date "2010.10.03"]
[Round "4"]
[White "Tojagic, Dane"]
[Black "Sajic, Velibor"]
[Result "1-0"]
[WhiteElo "2279"]
[BlackElo "2113"]
[PlyCount "43"]
[EventDate "2010.10.26"]
[SourceDate "2010.10.26"]

1. e4 c6 2. d4 d5 3. e5 Bf5 4. Nc3 e6 5. g4 Bg6 6. Nge2 c5 7. h4 h5 8. Nf4 Bh7
9. Nxh5 cxd4 10. Qxd4 Ne7 11. Bg5 Nec6 12. Bxd8 Nxd4 13. O-O-O Nxc2 14. Bf6 Nb4
15. Bxg7 Bxg7 16. Nxg7+ Kf8 17. Nh5 Nd7 18. a3 Nc5 19. Kd2 Nb3+ 20. Ke2 Nc6 21.
f4 d4 22. Nb5 {necitko} 1-0

[Event "Srpska Liga - Sever 2010"]
[Site "?"]
[Date "2010.10.03"]
[Round "4"]
[White "Simic, Goran S"]
[Black "Manojlovic, Selimir"]
[Result "1-0"]
[WhiteElo "2120"]
[BlackElo "2114"]
[PlyCount "62"]
[EventDate "2010.10.26"]
[SourceDate "2010.10.26"]

1. d4 Nf6 2. Nf3 e6 3. e3 c5 4. Bd3 d5 5. b3 Nc6 6. a3 Ne4 7. O-O Bd6 8. Bb2
cxd4 9. exd4 f5 10. Nbd2 Qf6 11. c4 g5 12. Ne5 h5 13. f3 Nxd2 14. Qxd2 Rg8 15.
cxd5 exd5 16. Bb5 Kf8 17. Nxc6 bxc6 18. Bxc6 Bxh2+ 19. Kxh2 Qxc6 20. Qb4+ Kf7
21. Rac1 a5 22. Rxc6 axb4 23. axb4 Ra2 24. Ra1 Rxa1 25. Bxa1 Be6 26. Bc3 f4 27.
Bd2 Ra8 28. b5 Kf6 29. b6 Kf5 30. b7 Rb8 31. Rc7 g4 1-0

[Event "Srpska Liga - Sever 2010"]
[Site "?"]
[Date "2010.10.03"]
[Round "4"]
[White "Gajic, Branko"]
[Black "Jovanovic, Bojan P"]
[Result "1/2-1/2"]
[WhiteElo "2156"]
[BlackElo "2141"]
[PlyCount "62"]
[EventDate "2010.10.26"]
[SourceDate "2010.10.26"]

1. e4 e6 2. d4 d5 3. Nc3 Nf6 4. Bg5 Bb4 5. e5 h6 6. Bd2 Bxc3 7. bxc3 Ne4 8. Bd3
Nxd2 9. Qxd2 c5 10. Nf3 c4 11. Bf1 Qe7 12. a4 Nc6 13. g3 Bd7 14. Bh3 Na5 15.
O-O O-O-O 16. Nh4 g5 17. Ng2 h5 18. Ne3 g4 19. Bg2 f5 20. exf6 Qxf6 21. f3 gxf3
22. Bxf3 Qh6 23. Qe2 Rdg8 24. Kh1 b6 25. Ng2 Nb7 26. Nh4 Nd6 27. Bg2 Rg4 28.
Bf3 Rg7 29. Bg2 Rg4 30. Bf3 Rg7 31. Bg2 Rg4 1/2-1/2

[Event "Srpska Liga - Sever 2010"]
[Site "?"]
[Date "2010.10.03"]
[Round "4"]
[White "Radovanovic, Nikola"]
[Black "Djuricic, Toma"]
[Result "1-0"]
[WhiteElo "2090"]
[BlackElo "2128"]
[PlyCount "66"]
[EventDate "2010.10.26"]
[SourceDate "2010.10.26"]

1. e4 e6 2. d4 d5 3. e5 c5 4. Qg4 Nc6 5. Nf3 cxd4 6. Bd3 Nb4 7. O-O Nxd3 8.
cxd3 Qb6 9. Nxd4 h5 10. Qf4 g5 11. Qe3 Nh6 12. Nb3 Be7 13. d4 Nf5 14. Qd3 Bd7
15. Nc3 O-O-O 16. Be3 g4 17. f3 Rdg8 18. fxg4 Rxg4 19. Rxf5 exf5 20. Nxd5 Qe6
21. Nf4 Qh6 22. Nd5 Bg5 23. Nc5 Qc6 24. Qb3 Be6 25. Nxe6 fxe6 26. Rc1 Qxc1+ 27.
Bxc1 Bxc1 28. Qc3+ Kb8 29. Nf6 Bg5 30. Nxg4 Rc8 31. Qb3 hxg4 32. Qxe6 Be3+ 33.
Kf1 f4 1-0

[Event "Srpska Liga - Sever 2010"]
[Site "?"]
[Date "2010.10.03"]
[Round "4"]
[White "Jocovic, Slobodan"]
[Black "Gigovic, Nebojsa"]
[Result "0-1"]
[WhiteElo "2133"]
[BlackElo "2169"]
[PlyCount "95"]
[EventDate "2010.10.26"]
[SourceDate "2010.10.26"]

1. d4 d5 2. c4 Nf6 3. Nc3 e6 4. e3 Be7 5. Nf3 Nbd7 6. cxd5 exd5 7. Bd3 h6 8.
O-O O-O 9. b3 Re8 10. Bb2 Bd6 11. Nb5 Bf8 12. Rc1 c6 13. Nc3 Bd6 14. Nd2 Nf8
15. h3 Bb4 16. a3 Ba5 17. Re1 Bxc3 18. Bxc3 Ne4 19. Nxe4 dxe4 20. Bc4 Qg5 21.
Kh2 Be6 22. f4 exf3 23. Qxf3 Rad8 24. e4 Rd7 25. d5 cxd5 26. Bb5 dxe4 27. Qg3
Qxg3+ 28. Kxg3 Bxb3 29. Bb4 Rdd8 30. Bxe8 Rxe8 31. Rc7 Bd5 32. Rd1 Bc6 33. Re7
Rc8 34. Rf1 f6 35. Rd1 Ng6 36. Re6 Ne5 37. Red6 Nd3 38. R1xd3 exd3 39. Rxd3 Re8
40. Kf2 Kf7 41. g3 h5 42. Re3 Re6 43. Rxe6 Kxe6 44. Ke3 g5 45. h4 Kf5 46. Be7
gxh4 47. gxh4 Ke5 48. Bd8 0-1

[Event "Srpska Liga - Sever 2010"]
[Site "?"]
[Date "2010.10.03"]
[Round "4"]
[White "Antic, Nenad"]
[Black "Jovcic, Zoran"]
[Result "0-1"]
[WhiteElo "2080"]
[BlackElo "2098"]
[PlyCount "62"]
[EventDate "2010.10.26"]
[SourceDate "2010.10.26"]

1. d4 Nf6 2. c4 c5 3. d5 b5 4. cxb5 a6 5. bxa6 g6 6. Nc3 Bxa6 7. Nf3 d6 8. Nd2
Bg7 9. e4 Bxf1 10. Nxf1 Qa5 11. Nd2 Qa6 12. a4 O-O 13. Nb5 Qb7 14. O-O Na6 15.
Re1 Nc7 16. Nc3 Rfb8 17. Ra3 Nd7 18. Kh1 Ne5 19. Re3 Qa6 20. f4 Nd7 21. Nf3 Nf6
22. e5 Ng4 23. Re2 Rb4 24. h3 Nh6 25. exd6 exd6 26. Re7 Qb6 27. g4 Kf8 28. Re1
Qb7 29. Ng5 Rd4 30. Qf3 Kg8 31. Re7 Bf8 0-1

[Event "Srpska Liga - Sever 2010"]
[Site "?"]
[Date "2010.10.03"]
[Round "4"]
[White "Dragasevic, Dragan"]
[Black "Radovic, Luka"]
[Result "1-0"]
[WhiteElo "2188"]
[BlackElo "1956"]
[PlyCount "75"]
[EventDate "2010.10.26"]
[SourceDate "2010.10.26"]

1. d4 d5 2. Nf3 Nf6 3. c4 c6 4. Nc3 e6 5. Bg5 h6 6. Bxf6 Qxf6 7. e3 Bd6 8. Be2
O-O 9. O-O Qe7 10. Rc1 dxc4 11. Bxc4 b5 12. Bb3 Bb7 13. Ne4 Nd7 14. Qe2 Nf6 15.
Nxd6 Qxd6 16. Ne5 Nd7 17. f4 Nxe5 18. fxe5 Qe7 19. Qg4 Qg5 20. Qh3 Rad8 21. Rc5
h5 22. Rf4 g6 23. Qf3 Kg7 24. h4 Qh6 25. Rf6 a5 26. Bc2 Rd5 27. Rxd5 cxd5 28.
Bxg6 Qxg6 29. Rxg6+ fxg6 30. Qe2 Ba6 31. a4 Rb8 32. Qd3 Kh6 33. Kh2 Rb6 34. Qc3
bxa4 35. Qxa5 Rc6 36. Qxa4 Bb7 37. Qa7 Ba6 38. Qa8 1-0

[Event "Srpska Liga - Sever 2010"]
[Site "?"]
[Date "2010.10.03"]
[Round "4"]
[White "Jovanovic, Drasko"]
[Black "Cosovic, Miodrag"]
[Result "1-0"]
[WhiteElo "2272"]
[BlackElo "2238"]
[PlyCount "90"]
[EventDate "2010.10.26"]
[SourceDate "2010.10.26"]

1. d4 d6 2. e4 Nf6 3. Nc3 e5 4. Nf3 Nbd7 5. Bc4 Be7 6. Ng5 O-O 7. Bxf7+ Rxf7 8.
Ne6 Qe8 9. Nxc7 Qd8 10. Nxa8 b6 11. dxe5 dxe5 12. Nd5 Bd6 13. Bg5 Bb7 14. Naxb6
Nxb6 15. Bxf6 gxf6 16. Qg4+ Kf8 17. Nxb6 Qxb6 18. O-O-O Rc7 19. Rd2 Bc8 20. Qf3
Be7 21. Rhd1 Rc6 22. g4 Be6 23. a3 Qb5 24. Qd3 Qxd3 25. Rxd3 Bxg4 26. f3 Be6
27. Kb1 h5 28. b4 h4 29. Kb2 h3 30. Rc3 Rb6 31. Rc7 a6 32. c3 Ke8 33. a4 Bd8
34. Rh7 Be7 35. a5 Rc6 36. Rg1 Bf8 37. Rb7 Rd6 38. Kc2 Bh6 39. Rh7 Rd2+ 40. Kb1
Bg5 41. b5 axb5 42. a6 Ba2+ 43. Ka1 Bf7 44. Rxh3 Ra2+ 45. Kb1 Rxa6 1-0

[Event "Srpska Liga - Sever 2010"]
[Site "?"]
[Date "2010.10.03"]
[Round "4"]
[White "Cirakovic, Ivan"]
[Black "Stankovic, Dragan B"]
[Result "1-0"]
[WhiteElo "2206"]
[BlackElo "2269"]
[PlyCount "74"]

1. e4 e5 2. Nc3 Nc6 3. g3 Nf6 4. Bg2 Bb4 5. Nge2 O-O 6. O-O Bxc3 7. Nxc3 Nd4 8.
d3 c6 9. f4 d5 10. fxe5 Ng4 11. h3 Nxe5 12. exd5 cxd5 13. Nxd5 Bxh3 14. Nf6+
gxf6 15. Bxh3 Kh8 16. c3 Rg8 17. cxd4 Rxg3+ 18. Kh2 Rxd3 19. Qh5 Ng6 20. Qf5
Qd6+ 21. Bf4 Qxd4 22. Bg3 Qxb2+ 23. Rf2 Rd2 24. Raf1 Rad8 25. Bg2 Kg7 26. Qxf6+
Qxf6 27. Rxf6 R8d7 28. R1f2 R2d4 29. R6f5 Rd3 30. Be4 R3d4 31. Bc2 R4d5 32. Rf6
Rh5+ 33. Kg2 Rg5 34. Kh3 Rh5+ 35. Kg4 Rh1 36. Bxg6 hxg6 37. Be5 Kg8 1-0

[Event "Srpska Liga - Sever 2010"]
[Site "?"]
[Date "2010.10.03"]
[Round "4"]
[White "Stankovic, Miljan"]
[Black "Gavrilovic, Sasa"]
[Result "0-1"]
[WhiteElo "2194"]
[BlackElo "2161"]
[PlyCount "68"]
[SourceDate "2010.10.26"]

1. d4 Nf6 2. c4 c5 3. d5 b5 4. Qc2 bxc4 5. e4 d6 6. Bxc4 g6 7. Ne2 Bg7 8. O-O
O-O 9. Nbc3 Nbd7 10. a4 Ne5 11. Bb5 a6 12. f4 axb5 13. fxe5 Ne8 14. exd6 Nxd6
15. Be3 b4 16. Nb5 Ba6 17. Qxc5 Rc8 18. Qxb4 Rc4 19. Qb3 Rxe4 20. Ng3 Rxa4 21.
Rxa4 Bxb5 22. Rb1 Bxa4 23. Qxa4 Qa8 24. Qxa8 Rxa8 25. b4 Nb5 26. Ne2 Ra2 27.
Rc1 h6 28. Kf1 Nd6 29. Rc7 Rb2 30. Bc5 Bf6 31. Ng3 Rb1+ 32. Kf2 Rb2+ 33. Kf3
Rb3+ 34. Ke2 h5 0-1

[Event "Srpska Liga - Sever 2010"]
[Site "?"]
[Date "2010.10.03"]
[Round "4"]
[White "Joksimovic, Dusko"]
[Black "Tomic, Slobodan"]
[Result "1/2-1/2"]
[WhiteElo "2147"]
[BlackElo "2063"]
[PlyCount "27"]
[SourceDate "2010.10.26"]

1. e4 e5 2. Nf3 Nf6 3. Nxe5 d6 4. Nf3 Nxe4 5. Qe2 Qe7 6. d3 Nf6 7. Bg5 Qxe2+ 8.
Bxe2 Be7 9. Nc3 h6 10. Bd2 Nc6 11. h3 Bd7 12. O-O-O O-O-O 13. Rhe1 Rhe8 14. d4
1/2-1/2

[Event "Srpska Liga - Sever 2010"]
[Site "?"]
[Date "2010.10.03"]
[Round "4"]
[White "Todorovic, Kosta"]
[Black "Isak, Igor G"]
[Result "1/2-1/2"]
[WhiteElo "1940"]
[BlackElo "2010"]
[PlyCount "55"]
[SourceDate "2010.10.26"]

1. e4 d5 2. exd5 Nf6 3. Nc3 Nxd5 4. Qf3 Nf6 5. Bb5+ c6 6. Be2 g6 7. d3 Bg7 8.
Qg3 O-O 9. h4 h5 10. Nh3 Bf5 11. O-O Nbd7 12. Nd1 Nd5 13. c4 Be5 14. Nf4 Nxf4
15. Bxf4 Bxf4 16. Qxf4 e5 17. Qg3 Kh7 18. Ne3 Qf6 19. Rfd1 Nc5 20. Rd2 Ne6 21.
Re1 Rad8 22. Bf1 Nf4 23. Nxf5 Qxf5 24. Qe3 f6 25. g3 Ne6 26. Qxa7 Rf7 27. Qe3
Nd4 28. Bg2 1/2-1/2

[Event "LIGA CENTRALNE SRBIJE-ZONA SEVER"]
[Site "Kragujevac"]
[Date "2010.10.02"]
[Round "?"]
[White "Gutic, Slobodan"]
[Black "Panic, Nenad"]
[Result "0-1"]
[WhiteElo "1818"]
[BlackElo "2365"]
[PlyCount "68"]
[EventDate "2010.09.11"]

1. e4 Nc6 2. Nf3 e5 3. Bc4 Bc5 4. b4 Bxb4 5. c3 Be7 6. d4 d6 7. Qb3 Na5 8.
Bxf7+ Kf8 9. Qa4 Kxf7 10. Qxa5 exd4 11. cxd4 Nf6 12. Ng5+ Kf8 13. e5 dxe5 14.
dxe5 Qd5 15. Qxd5 Nxd5 16. O-O Nb4 17. a3 Nd3 18. Nf3 Bg4 19. Nbd2 Rd8 20. h3
Bh5 21. g4 Bg6 22. Nc4 b5 23. Na5 Be4 24. Ng5 Bd5 25. e6 Nxc1 26. Nf7 Ne2+ 27.
Kh2 Bd6+ 28. f4 Ke7 29. Nxd8 Rxd8 30. h4 Nxf4 31. Rxf4 Bxf4+ 32. Kh3 Be4 33. h5
Rd3+ 34. Kh4 h6 0-1

[Event "LIGA CENTRALNE SRBIJE-ZONA SEVER"]
[Site "Kragujevac"]
[Date "2010.10.02"]
[Round "?"]
[White "Jovanovic, Dusan D"]
[Black "Kostic, Ninoslav"]
[Result "1-0"]
[WhiteElo "2327"]
[BlackElo "2198"]
[PlyCount "121"]
[EventDate "2010.09.11"]

1. Nf3 d5 2. b3 Nf6 3. Bb2 c6 4. e3 Bg4 5. c4 Nbd7 6. Be2 g6 7. O-O Bg7 8. Nc3
O-O 9. Rc1 a6 10. Rc2 e6 11. Qa1 Re8 12. cxd5 exd5 13. Na4 Nh5 14. Nd4 Bxe2 15.
Nxe2 Bxb2 16. Qxb2 Nhf6 17. b4 Qe7 18. Nc5 Rab8 19. Nd4 Ne4 20. Nxd7 Qxd7 21.
a4 Nd6 22. d3 Nf5 23. Nf3 Qe7 24. Rfc1 Nh4 25. Nxh4 Qxh4 26. d4 Ra8 27. Qb3 Qe4
28. Rc5 Red8 29. h3 Qe6 30. b5 cxb5 31. axb5 a5 32. Ra1 Rd6 33. Qc3 b6 34. Rc7
Rad8 35. Rc1 Qe8 36. Qb3 Kg7 37. R1c6 Qe6 38. Qc3 Qf5 39. Qb3 Rf6 40. Rc2 h5
41. Qa3 Rfd6 42. R2c6 Qe6 43. Qc1 h4 44. Rb7 Rxc6 45. bxc6 Ra8 46. Rxb6 a4 47.
Rb2 a3 48. Ra2 Rc8 49. Rxa3 Rxc6 50. Rc3 Ra6 51. Qb2 Qd6 52. Rc5 Rb6 53. Rb5
Rc6 54. e4 Qc7 55. Rc5 f6 56. Qc3 Rxc5 57. Qxc5 Qf4 58. exd5 Qe4 59. d6 Qe1+
60. Kh2 Qxf2 61. Qc7+ 1-0

[Event "LIGA CENTRALNE SRBIJE-ZONA SEVER"]
[Site "Kragujevac"]
[Date "2010.10.02"]
[Round "?"]
[White "Todorcevic, Djordje"]
[Black "Popovic, Predrag R"]
[Result "1/2-1/2"]
[WhiteElo "1987"]
[BlackElo "2283"]
[PlyCount "106"]
[EventDate "2010.09.11"]

1. d4 Nf6 2. c4 e6 3. Nf3 d5 4. e3 Nbd7 5. Bd3 dxc4 6. Bxc4 c5 7. Nc3 cxd4 8.
exd4 Nb6 9. Bb3 Be7 10. O-O O-O 11. Ne5 Nbd5 12. Re1 a6 13. Bg5 Qd6 14. Qf3
Nxc3 15. bxc3 Nd5 16. Bd2 b5 17. Bc2 Bb7 18. Qh3 g6 19. Bh6 Rfc8 20. Nxg6 hxg6
21. Bxg6 Nf6 22. Bd3 Bf8 23. Re5 Bg7 24. Rg5 Ne8 25. Bxg7 Nxg7 26. Qh7+ Kf8 27.
Rxg7 Qf4 28. Bg6 Rc7 29. Qg8+ Ke7 30. Qxf7+ Qxf7 31. Rxf7+ Kd6 32. Rxc7 Kxc7
33. Re1 Kd6 34. Be4 Bxe4 35. Rxe4 Kd5 36. Re5+ Kc4 37. Re3 a5 38. h4 b4 39.
cxb4 axb4 40. h5 Rxa2 41. Rxe6 Ra5 42. g4 b3 43. Rb6 Rb5 44. Rc6+ Kxd4 45. Rc1
Ke4 46. Kg2 b2 47. Rb1 Kf4 48. h6 Kxg4 49. h7 Rh5 50. Rxb2 Rxh7 51. Rb4+ Kf5
52. f3 Rg7+ 53. Kf2 Ra7 1/2-1/2